Southville International School and Colleges
Your cart is empty.
  • Cart
  • Lists
    Public lists Eva Luna New books Lux_list list_1
    Your lists Log in to create your own lists
  • Log in to your account
  • Your cookies
  • Search history
Southville International School and Colleges
  • Advanced search
  • Recent comments
  • Most popular
  • Libraries

Log in to your account

Log in with GOOGLE


If you do not have an external account, but do have a local account, you can still log in:

  1. Home
  2. MARC view: Basic letter and memo writing /
Normal view MARC view ISBD view

Basic letter and memo writing / (Record no. 104855)

[ view plain ]
MARC details
000 -LEADER
fixed length control field 00535nam a2200181 a 4500
005 - DATE AND TIME OF LATEST TRANSACTION
control field 20140412111329.0
008 - FIXED-LENGTH DATA ELEMENTS--GENERAL INFORMATION
fixed length control field 030110s19uu xx 00 eng d
020 ## - INTERNATIONAL STANDARD BOOK NUMBER
International Standard Book Number 0-538-05710-6
050 ## - LIBRARY OF CONGRESS CALL NUMBER
Classification number TR(GS 651.74
Item number V254 1987
100 ## - MAIN ENTRY--PERSONAL NAME
Personal name VanHuss, Susie H.
245 ## - TITLE STATEMENT
Title Basic letter and memo writing /
Statement of responsibility, etc Susie H. VanHuss.
250 ## - EDITION STATEMENT
Edition statement 2nd Ed.
260 ## - PUBLICATION, DISTRIBUTION, ETC. (IMPRINT)
Place of publication, distribution, etc Cincinati, Ohio :
Name of publisher, distributor, etc South-Western Publishing Co,
Date of publication, distribution, etc 1987.
300 ## - PHYSICAL DESCRIPTION
Extent 202 p. ; ill.
650 ## - SUBJECT ADDED ENTRY--TOPICAL TERM
Topical term or geographic name as entry element Business correspondence
650 ## - SUBJECT ADDED ENTRY--TOPICAL TERM
Topical term or geographic name as entry element Written communication
Holdings
Withdrawn status Lost status Damaged status Use restrictions Home library Current library Shelving location Date acquired Source of acquisition Cost, normal purchase price Total Checkouts Full call number Barcode Date last seen Price effective from Koha item type
        Elizalde Library Elizalde Library Teachers Reference Section 01/10/2003   35.00   TR(GS 651.74 V254 1987 E8843 04/12/2014 04/12/2014 Books

Basic letter and memo writing /

APA

VanHuss S. H., . (1987). Basic letter and memo writing. Cincinati, Ohio: South-Western Publishing Co.

Chicago

VanHuss Susie H, . 1987. Basic letter and memo writing. Cincinati, Ohio: South-Western Publishing Co.

Harvard

VanHuss S. H., . (1987). Basic letter and memo writing. Cincinati, Ohio: South-Western Publishing Co.

MLA

VanHuss Susie H, . Basic letter and memo writing. Cincinati, Ohio: South-Western Publishing Co. 1987.

  • Place hold
  • Print
  • Cite
  • Add to your cart (remove)
  • Save record
    BIBTEX Dublin Core MARCXML MARC (non-Unicode/MARC-8) MARC (Unicode/UTF-8) MARC (Unicode/UTF-8, Standard) MODS (XML) RIS
  • More searches
    Search for this title in:
    Other Libraries (WorldCat) Other Databases (Google Scholar) Online Stores (Bookfinder.com) Open Library (openlibrary.org)

Exporting to Dublin Core...

SOUTHVILLE LIBRARY

Southville International School and Colleges Library

1281 Tropical Ave. Cor. Luxembourg St., BF Homes International, Las Pinas City

Tel. No. 8256374 / 252358 Loc. 117/146

Powered by Koha